000 00622nam a22002417a 4500
003 UA-OsUOA
001 42875
007 ta
008 20061127b un ||||| |||| 00| 0 ukr d
100 _aРуденок Е.
090 _a821.161.1(477)
_bР83
942 _cBK
040 _aUA-OsUOA
_brus
_cUA-OsUOA
_dUA-OsUOA
245 _aЗвериная свадьба
300 _a304 с.
955 _a3
041 _arus
080 _a821.161.1(477)
020 _a966-8970-05-5
260 _aК.
_bСварог
_c2006
650 7 _a82 Література. Літературознавство
_2UDC
999 _c328997
_d328997